Makroökonomische Theorie
Salvato in:
| Autore principale: | |
|---|---|
| Natura: | Libro |
| Lingua: | tedesco |
| Pubblicazione: |
Stuttgart
Kohlhammer
1982
|
| Edizione: | 1. Aufl. |
| Serie: | Kohlhammer Studienbücher Wirtschaftswissenschaften
|
| Soggetti: | |
| Tags: |
Nessun Tag, puoi essere il primo ad aggiungerne!!
|
MARC
| LEADER | 00000nam a2200000 4500 | ||
|---|---|---|---|
| 001 | c019121 | ||
| 005 | 20221207073817.6 | ||
| 020 | |a 3-17-007431-8 | ||
| 041 | 0 | |a ger | |
| 044 | |a DE | ||
| 245 | 1 | 0 | |a Makroökonomische Theorie |c Hans G. Monissen |
| 250 | |a 1. Aufl. | ||
| 264 | 1 | |a Stuttgart |b Kohlhammer |c 1982 | |
| 300 | |a 187 s. | ||
| 490 | 1 | |a Kohlhammer Studienbücher Wirtschaftswissenschaften | |
| 830 | 0 | |a Kohlhammer Studienbücher Wirtschaftswissenschaften | |
| 610 | 2 | 0 | |a makroekonomika |
| 610 | 2 | 0 | |a teórie ekonomické |
| 610 | 2 | 0 | |a peniaze |
| 610 | 2 | 0 | |a zamestnanosť |
| 610 | 2 | 0 | |a inflácia |
| 610 | 2 | 0 | |a analýzy |
| 610 | 2 | 0 | |a dopyt |
| 610 | 2 | 0 | |a ponuka |
| 610 | 2 | 0 | |a trh práce |
| 610 | 2 | 0 | |a modely |
| 610 | 2 | 0 | |a ceny |
| 610 | 2 | 0 | |a miera úroková |
| 610 | 2 | 0 | |a zamestnanosť plná |
| 610 | 2 | 0 | |a hospodárstvo národné |
| 610 | 2 | 0 | |a kurz výmenný |
| 100 | 1 | |a Monissen, Hans G. | |